<?xml version="1.0" encoding="UTF-8"?>
<record
    xmlns:xsi="http://www.w3.org/2001/XMLSchema-instance"
    xsi:schemaLocation="http://www.loc.gov/MARC21/slim http://www.loc.gov/standards/marcxml/schema/MARC21slim.xsd"
    xmlns="http://www.loc.gov/MARC21/slim">

  <leader>00834nam a22002057a 4500</leader>
  <datafield tag="999" ind1=" " ind2=" ">
    <subfield code="c">6425</subfield>
    <subfield code="d">6425</subfield>
  </datafield>
  <controlfield tag="005">20200203154636.0</controlfield>
  <controlfield tag="007">ta</controlfield>
  <controlfield tag="008">200203s2018    ck a||||r|||| 00| d spa d</controlfield>
  <datafield tag="040" ind1=" " ind2=" ">
    <subfield code="a">CO-JMCR</subfield>
    <subfield code="c">CO-JMCR</subfield>
  </datafield>
  <datafield tag="082" ind1=" " ind2=" ">
    <subfield code="a">158.1/</subfield>
    <subfield code="b">M583s / </subfield>
  </datafield>
  <datafield tag="100" ind1=" " ind2=" ">
    <subfield code="a">Mess, Ana, </subfield>
    <subfield code="e">autora</subfield>
    <subfield code="9">139</subfield>
  </datafield>
  <datafield tag="245" ind1=" " ind2=" ">
    <subfield code="a">Sin ser de noche todo se ve muy negro / </subfield>
    <subfield code="c">Ana Mess</subfield>
  </datafield>
  <datafield tag="260" ind1=" " ind2=" ">
    <subfield code="a">[Bogot&#xE1;]</subfield>
    <subfield code="b">Ana Mess, editora</subfield>
    <subfield code="c">[2018]</subfield>
  </datafield>
  <datafield tag="300" ind1=" " ind2=" ">
    <subfield code="a">84 p&#xE1;ginas : </subfield>
    <subfield code="b">ilustraciones a blanco y negro ; </subfield>
    <subfield code="c">21 cm.</subfield>
  </datafield>
  <datafield tag="520" ind1=" " ind2=" ">
    <subfield code="a">La depresi&#xF3;n a sido mi sombra desde que tengo memoria, pero no fue si no hasta los veintes que lleg&#xF3; el insomnio cr&#xF3;nico, los ataques recurrentes de p&#xE1;nico, la imposibilidad de distinguir sabores, de ver en color, y el diagnostico.</subfield>
  </datafield>
  <datafield tag="546" ind1=" " ind2=" ">
    <subfield code="a">spa</subfield>
  </datafield>
  <datafield tag="650" ind1="1" ind2="4">
    <subfield code="9">140</subfield>
  </datafield>
  <datafield tag="650" ind1="1" ind2="4">
    <subfield code="9">141</subfield>
  </datafield>
  <datafield tag="952" ind1=" " ind2=" ">
    <subfield code="0">0</subfield>
    <subfield code="1">0</subfield>
    <subfield code="2">ddc</subfield>
    <subfield code="4">0</subfield>
    <subfield code="7">0</subfield>
    <subfield code="a">CPL</subfield>
    <subfield code="b">CPL</subfield>
    <subfield code="c">PROC</subfield>
    <subfield code="d">2019-12-19</subfield>
    <subfield code="e">Donaci&#xF3;n</subfield>
    <subfield code="g">0.00</subfield>
    <subfield code="l">4</subfield>
    <subfield code="o">158.1/ M583s /</subfield>
    <subfield code="p">201809846</subfield>
    <subfield code="r">2025-12-01 08:38:48</subfield>
    <subfield code="s">2025-12-01</subfield>
    <subfield code="t">Ej.1</subfield>
    <subfield code="w">2020-02-03</subfield>
    <subfield code="y">BK</subfield>
  </datafield>
</record>
